| 000 | 00750cam a2200277 4500 | ||
|---|---|---|---|
| 001 | WB3802-22 | ||
| 008 | 020117n2002 000 0 eng u | ||
| 035 | _a(Sirsi) u116350 | ||
| 245 | _aBelgium | ||
| 260 | _c2002 | ||
| 490 |
_aRICS European Economic Brief _vWinter/Spring 2001/2, 7(1) |
||
| 520 | _aEconomic brief of the property market in Belgium. | ||
| 590 | _aWB | ||
| 650 | _aBELGIUM | ||
| 650 | _aPROPERTY-COMMERCIAL PROPERTY | ||
| 650 | _aRICS UK ECONOMIC BRIEF | ||
| 650 | _aRESIDENTIAL SECTOR | ||
| 650 | _aHOUSE PRICES | ||
| 650 | _aCONSTRUCTION INDUSTRY | ||
| 650 | _aRENTAL GROWTH | ||
| 650 | _aRETAIL SECTOR | ||
| 650 | _aINDUSTRIAL SECTOR | ||
| 650 | _aEURO AREA | ||
| 690 | _aINTERNATIONAL-EUROPE | ||
| 942 | _n0 | ||
| 999 |
_c69302 _d69302 |
||